000
00253nam a2200109Ia 4500
008
190912s9999||||xx |||||||||||||| ||und||
100
_a
Pierre- Alain Muller
245
0
_a
Instant UML
260
_a
India
_b
McGraw-Hill
_c
1997
300
_a
343
942
_c
BK
999
_c
7815
_d
7815